Personnage Disney de A à Z - Statistiques

Statistiques générales
  • Ce quiz a été pris 939 fois
    938 depuis la dernière actualisation
  • Le résultat moyen est 17 sur 24
Statistiques - réponses
Lettre Indice Personnage % Correct
A Rousse qui vit dans l'océan Ariel
99%
D Peut voler avec ses grosses oreilles Dumbo
98%
C Veut tuer des chiens pour leur fourrure Cruella
96%
B Première princesse Disney Blanche-Neige
95%
N Poisson-clown Nemo
95%
R Longue chevelure Raiponce
93%
P Pantin de bois Pinocchio
90%
M Femme guerrière Mulan
87%
W Cowboy Woody
83%
J Vizir d'Agrabah Jafar
80%
H Veut épouser Anna par intérêt Hans
77%
V Chien acteur Volt
77%
L Chandelier Lumière
75%
Q caché à cause de sa laideur Quasimodo
75%
K Serpent qui hypnotise un enfant Kaa
61%
S Monstre bleu Sully
60%
Z Oiseau qui garde un oeil sur Simba et Nala Zazu
58%
F Moufette amie d'un faon Fleur
50%
T félin qui adore bondir dans la forêt des rêves bleus Tigrou
50%
Y ancienne conseillère de l'empereur Kuzco Yzma
46%
G Doublée par Shakira Gazelle
45%
E Robot Eve
43%
O Chat errant, ami des chiens Oliver
39%
I Peut faire pousser des fleurs Isabela
27%
Aucun quiz correspondant
Distribution des résultats
% des personnes avec chaque résultat
Percentile par nombre de réponses
Votre historique - résultats
Vous n’avez pas pris ce quiz depuis la dernière actualisation